<?xml version="1.0" encoding="UTF-8"?><collection xmlns="info:lc/xmlns/marcxchange-v2"><record format="Unimarc" type="bibliographic"><leader>00756cam  2200229   450 </leader><controlfield tag="001">1761814</controlfield><controlfield tag="003">http://id.bnportugal.gov.pt/bib/porbase/1761814</controlfield><controlfield tag="005">20030621144700.0</controlfield><datafield ind1=" " ind2=" " tag="010"><subfield code="a">0-486-26126-3</subfield></datafield><datafield ind1=" " ind2=" " tag="035"><subfield code="8">66431</subfield></datafield><datafield ind1=" " ind2=" " tag="095"><subfield code="a">PTBN00622088</subfield></datafield><datafield ind1=" " ind2=" " tag="100"><subfield code="a">19920629d1989    k  y0pory0103    ba</subfield></datafield><datafield ind1="0" ind2=" " tag="101"><subfield code="a">eng</subfield></datafield><datafield ind1=" " ind2=" " tag="102"><subfield code="a">US</subfield></datafield><datafield ind1="1" ind2=" " tag="200"><subfield code="a">&lt;A &gt;history of the theories of aether &amp; electricity</subfield><subfield code="f">Edmund Whittaker</subfield></datafield><datafield ind1=" " ind2=" " tag="210"><subfield code="a">New York</subfield><subfield code="c">Dover Publications</subfield><subfield code="d">1989</subfield></datafield><datafield ind1=" " ind2=" " tag="215"><subfield code="a">2 vols</subfield></datafield><datafield ind1=" " ind2=" " tag="300"><subfield code="a">Este ex. é constiuído por dois vols.: Vol I: The classical theories. - 433 p.. Vol.II: The modern theories. - 319 p.</subfield></datafield><datafield ind1=" " ind2=" " tag="675"><subfield code="a">001:53</subfield><subfield code="3">1417681</subfield></datafield><datafield ind1=" " ind2=" " tag="675"><subfield code="a">537.1</subfield><subfield code="v">2ª média</subfield><subfield code="z">por</subfield><subfield code="3">295504</subfield></datafield><datafield ind1=" " ind2="1" tag="700"><subfield code="a">Whittaker</subfield><subfield code="b">Edmund Taylor</subfield><subfield code="3">1417682</subfield></datafield><datafield ind1=" " ind2="0" tag="801"><subfield code="a">PT</subfield><subfield code="b">BN</subfield><subfield code="g">RPC</subfield></datafield><datafield ind1=" " ind2=" " tag="977"><subfield code="1">530.12 WHI</subfield><subfield code="2">coop</subfield><subfield code="4">UCDF</subfield><subfield code="6">mq2683383</subfield><subfield code="7">bc</subfield><subfield code="8">coop</subfield><subfield code="9">UCDF</subfield><subfield code="k">0</subfield></datafield><datafield ind1=" " ind2=" " tag="998"><subfield code="a">UCF3-1404</subfield></datafield></record></collection>